[Event "Hessen-ch U18"]
[Site "Bad Homburg"]
[Date "2013.??.??"]
[Round "1"]
[White "Huber, Timm Janik"]
[Black "Hebbering, Tom Elliot"]
[Result "0-1"]
[WhiteElo "1836"]
[BlackElo "2002"]
[PlyCount "50"]
[EventDate "2013.03.??"]
[EventType "swiss"]
[EventRounds "7"]
[EventCountry "GER"]
[SourceTitle "EXT 2014"]
[Source "ChessBase"]
[SourceDate "2013.11.20"]
[SourceVersion "1"]
[SourceVersionDate "2013.11.20"]
[SourceQuality "1"]

1. d4 d5 2. c4 c6 3. Nc3 Nf6 4. Nf3 dxc4 5. e4 b5 6. a4 b4 7. Na2 Nxe4 8. Nxb4 e6 9. Nc2 Qa5+ 10. Bd2 Nxd2 11. Qxd2 Qc7 12. Bxc4 Be7 13. 0-0 Nd7 14. b4 0-0 15. Rfe1 a5 16. Ne5 Nxe5 17. dxe5 axb4 18. Bb3 c5 19. Rac1 Ba6 20. Nxb4 Qa5 21. Qd7 Qxb4 22. Bxe6 Bg5 23. Rb1 Qd4 24. Bd5 Rad8 25. Qc6 Bd3 0-1

[Event "Hessen-ch U18"]
[Site "Bad Homburg"]
[Date "2013.??.??"]
[Round "2"]
[White "Schlitzer, Felix"]
[Black "Huber, Timm Janik"]
[Result "1/2-1/2"]
[WhiteElo "1582"]
[BlackElo "1836"]
[PlyCount "95"]
[EventDate "2013.03.??"]
[EventType "swiss"]
[EventRounds "7"]
[EventCountry "GER"]
[SourceTitle "EXT 2014"]
[Source "ChessBase"]
[SourceDate "2013.11.20"]
[SourceVersion "1"]
[SourceVersionDate "2013.11.20"]
[SourceQuality "1"]

1. d4 d5 2. c4 c6 3. e3 Nf6 4. Nc3 e6 5. Bd2 Nbd7 6. Nf3 Bd6 7. Bd3 0-0 8. 0-0 e5 9. dxe5 Nxe5 10. Nxe5 Bxe5 11. Qc2 dxc4 12. Bxc4 Qc7 13. g3 Rd8 14. Rfd1 Bg4 15. Be2 Be6 16. b3 Rd7 17. Be1 Rad8 18. Rxd7 Rxd7 19. Rd1 Rxd1 20. Bxd1 Qd7 21. Bf3 g6 22. Ne4 Nxe4 23. Bxe4 Bd5 24. Qd3 Be6 25. Qxd7 Bxd7 26. Bb4 f5 27. Bd3 Kf7 28. f4 Bb2 29. e4 fxe4 30. Bxe4 Bd4+ 31. Kg2 c5 32. Be1 b6 33. Bf2 Bc3 34. Kf3 Ke6 35. Ke2 Bb5+ 36. Kd1 c4 37. Kc2 Bf6 38. Be1 cxb3+ 39. Kxb3 Bd4 40. g4 Be2 41. f5+ Kf6 42. fxg6 hxg6 43. h3 g5 44. Bf5 Ke5 45. Bg3+ Kf6 46. Bd7 Be5 47. Bf2 Bd3 48. Kb4 1/2-1/2

[Event "Karl Mala Memorial op 15th"]
[Site "Frankfurt"]
[Date "2012.07.08"]
[Round "7"]
[White "Poetsch, Leonore"]
[Black "Huber, Timm Janik"]
[Result "0-1"]
[WhiteElo "1104"]
[BlackElo "1757"]
[PlyCount "76"]
[EventDate "2012.07.05"]
[EventType "swiss"]
[EventRounds "7"]
[EventCountry "GER"]
[SourceTitle "CBM 149 Extra"]
[Source "ChessBase"]
[SourceDate "2012.08.24"]
[SourceVersion "1"]
[SourceVersionDate "2012.08.24"]
[SourceQuality "1"]

1. e4 e5 2. Nf3 Nc6 3. Bc4 Bc5 4. c3 Nf6 5. d4 exd4 6. cxd4 Bb4+ 7. Bd2 d5 8. exd5 Nxd5 9. Bxb4 Ncxb4 10. Qb3 Qe7+ 11. Kd1 Be6 12. a3 b5 13. Bxb5+ c6 14. Bc4 Rb8 15. axb4 Rxb4 16. Qa2 Ne3+ 17. fxe3 Bxc4 18. Qxa7 Qxe3 19. Nbd2 Bb3+ 20. Nxb3 Qxb3+ 21. Ke1 0-0 22. Qa3 Qc4 23. Qc3 Re8+ 24. Kf2 Qe2+ 25. Kg3 Rxb2 26. Rhg1 Qf2+ 27. Kh3 Rb5 28. Qxc6 Rh5+ 29. Kg4 f5+ 30. Kxh5 g6+ 31. Kg5 Qe3+ 32. Kh4 Re4+ 33. Kh3 Qh6+ 34. Kg3 Qf4+ 35. Kf2 Qe3+ 36. Kg3 Rg4+ 37. Kh3 Qh6+ 38. Nh4 Qxh4# 0-1

[Event "Karl Mala Memorial op 15th"]
[Site "Frankfurt"]
[Date "2012.07.06"]
[Round "2"]
[White "Huber, Timm Janik"]
[Black "Stork, Oliver"]
[Result "1/2-1/2"]
[WhiteElo "1757"]
[BlackElo "1263"]
[PlyCount "97"]
[EventDate "2012.07.05"]
[EventType "swiss"]
[EventRounds "7"]
[EventCountry "GER"]
[SourceTitle "CBM 149 Extra"]
[Source "ChessBase"]
[SourceDate "2012.08.24"]
[SourceVersion "1"]
[SourceVersionDate "2012.08.24"]
[SourceQuality "1"]

1. d4 d5 2. c4 e6 3. Nc3 Nf6 4. Bg5 Nbd7 5. Nf3 Bb4 6. e3 0-0 7. Qb3 Bxc3+ 8. bxc3 Nb6 9. c5 Nbd7 10. Be2 c6 11. 0-0 b6 12. Qa4 Qc7 13. Bf4 Qb7 14. Rab1 b5 15. Qb3 Re8 16. c4 dxc4 17. Bxc4 bxc4 18. Qxb7 Bxb7 19. Rxb7 Red8 20. Bg5 h6 21. Bh4 g5 22. Bg3 Ne4 23. Bc7 Rdc8 24. Rc1 Ndxc5 25. dxc5 Nxc5 26. Rcb1 Nxb7 27. Rxb7 c3 28. Ne1 a5 29. Kf1 a4 30. Be5 Ra5 31. Bxc3 Rb5 32. Rxb5 cxb5 33. Bb4 Rc4 34. a3 f5 35. Ke2 Kf7 36. Kd2 Kf6 37. Nc2 Rh4 38. h3 g4 39. hxg4 fxg4 40. Bc3+ Kf7 41. g3 Rh2 42. Ke2 h5 43. Be5 Rh1 44. Nd4 Rb1 45. Nc2 Rb3 46. Bd6 Rb2 47. Kd2 Rb3 48. Bb4 e5 49. Ne1 1/2-1/2

[Event "Karl Mala Memorial op 15th"]
[Site "Frankfurt"]
[Date "2012.07.05"]
[Round "1"]
[White "Kienitz, Andre"]
[Black "Huber, Timm Janik"]
[Result "1-0"]
[WhiteElo "2156"]
[BlackElo "1757"]
[PlyCount "43"]
[EventDate "2012.07.05"]
[EventType "swiss"]
[EventRounds "7"]
[EventCountry "GER"]
[SourceTitle "CBM 149 Extra"]
[Source "ChessBase"]
[SourceDate "2012.08.24"]
[SourceVersion "1"]
[SourceVersionDate "2012.08.24"]
[SourceQuality "1"]

1. Nf3 d5 2. d4 Bf5 3. c4 c6 4. cxd5 cxd5 5. Qb3 Qc7 6. Nc3 e6 7. Nb5 Qb6 8. Bf4 Na6 9. Qa4 Bb4+ 10. Nd2 Qc6 11. a3 Bxd2+ 12. Kxd2 Rc8 13. Nd6+ Kf8 14. Qxc6 Rxc6 15. Rc1 Nf6 16. Rxc6 bxc6 17. e4 Nxe4+ 18. Nxe4 Bxe4 19. f3 Bg6 20. Bxa6 Ke7 21. Rc1 Rb8 22. Bxb8 1-0

[Event "Rhein Main op-B 15th"]
[Site "Bad Homburg"]
[Date "2012.06.09"]
[Round "5"]
[White "Huber, Timm Janik"]
[Black "Lessmann, Sven"]
[Result "1/2-1/2"]
[WhiteElo "1501"]
[BlackElo "1299"]
[PlyCount "50"]
[EventDate "2012.06.06"]
[EventType "swiss"]
[EventRounds "7"]
[EventCountry "GER"]
[SourceTitle "EXT 2013"]
[Source "ChessBase"]
[SourceDate "2012.11.22"]
[SourceVersion "1"]
[SourceVersionDate "2012.11.22"]
[SourceQuality "1"]

1. d4 d5 2. c4 e6 3. Nc3 Nf6 4. Bg5 Nbd7 5. e3 c6 6. Nf3 Qa5 7. Bxf6 Nxf6 8. Qa4 Qxa4 9. Nxa4 dxc4 10. Nc3 b5 11. Be2 Bb4 12. 0-0 0-0 13. a4 Bxc3 14. bxc3 Nd5 15. Rfc1 a5 16. Ne5 Ra6 17. axb5 cxb5 18. Rab1 f6 19. Nf3 Bd7 20. Nd2 f5 21. Nf3 Rc8 22. Ne5 Be8 23. g3 a4 24. Ra1 a3 25. Ra2 Ne7 1/2-1/2

[Event "Rhein Main op-B 15th"]
[Site "Bad Homburg"]
[Date "2012.06.08"]
[Round "4"]
[White "Arnold, Michael"]
[Black "Huber, Timm Janik"]
[Result "1-0"]
[WhiteElo "1848"]
[BlackElo "1501"]
[PlyCount "29"]
[EventDate "2012.06.06"]
[EventType "swiss"]
[EventRounds "7"]
[EventCountry "GER"]
[SourceTitle "EXT 2013"]
[Source "ChessBase"]
[SourceDate "2012.11.22"]
[SourceVersion "1"]
[SourceVersionDate "2012.11.22"]
[SourceQuality "1"]

1. e4 e5 2. Nf3 Nc6 3. Bc4 Bc5 4. c3 Nf6 5. d4 exd4 6. e5 Qe7 7. 0-0 Ng4 8. cxd4 Bb4 9. Nc3 Bxc3 10. bxc3 Na5 11. Bd3 d5 12. exd6 Qxd6 13. Re1+ Kf8 14. Qa4 b6 15. Qe8# 1-0

[Event "Rhein Main op-B 15th"]
[Site "Bad Homburg"]
[Date "2012.06.07"]
[Round "2"]
[White "Bangert, Martin"]
[Black "Huber, Timm Janik"]
[Result "0-1"]
[WhiteElo "1133"]
[BlackElo "1501"]
[PlyCount "40"]
[EventDate "2012.06.06"]
[EventType "swiss"]
[EventRounds "7"]
[EventCountry "GER"]
[SourceTitle "EXT 2013"]
[Source "ChessBase"]
[SourceDate "2012.11.22"]
[SourceVersion "1"]
[SourceVersionDate "2012.11.22"]
[SourceQuality "1"]

1. c4 c5 2. e4 Nc6 3. Nc3 g6 4. Nf3 Bg7 5. Be2 e6 6. 0-0 Nge7 7. d3 0-0 8. Be3 d6 9. d4 cxd4 10. Bxd4 Nxd4 11. Nxd4 d5 12. cxd5 exd5 13. Nb3 dxe4 14. Qxd8 Rxd8 15. Nxe4 Bf5 16. Nc3 Rac8 17. Rfd1 Rxd1+ 18. Nxd1 Rc2 19. Ne3 Rxe2 20. Nxf5 Nxf5 0-1

[Event "Hessen-ch U16"]
[Site "Bad Homburg"]
[Date "2012.??.??"]
[Round "2"]
[White "Huber, Timm Janik"]
[Black "Hein, Philipp"]
[Result "1-0"]
[WhiteElo "1518"]
[BlackElo "1296"]
[PlyCount "129"]
[EventDate "2012.04.??"]
[EventType "swiss"]
[EventRounds "9"]
[EventCountry "GER"]
[SourceTitle "EXT 2015"]
[Source "ChessBase"]
[SourceDate "2014.11.20"]
[SourceVersion "1"]
[SourceVersionDate "2014.11.20"]
[SourceQuality "1"]

1. d4 d5 2. c4 e6 3. Nc3 Nf6 4. Nf3 Be7 5. Bf4 0-0 6. e3 Nbd7 7. Be2 b6 8. cxd5 exd5 9. 0-0 Bb7 10. Rc1 c5 11. a3 Rc8 12. Qa4 a5 13. Bb5 Ra8 14. Ne2 Ba6 15. Nc3 Bxb5 16. Nxb5 Rc8 17. Na7 Ra8 18. Nc6 Qe8 19. Qb5 Ne4 20. b4 axb4 21. axb4 cxb4 22. Nxe7+ Qxe7 23. Rc7 Rfd8 24. Ne5 Nef6 25. Bg5 Qe6 26. Rc6 Ra5 27. Qxb4 Qf5 28. Nxd7 Qxd7 29. Rxb6 Ra4 30. Qb2 Qf5 31. Bxf6 gxf6 32. Rb1 Rc4 33. Qb5 Rdc8 34. Rb8 Kg7 35. Rxc8 Rxc8 36. h3 Rc2 37. Rf1 Qe4 38. Qb8 f5 39. Qe5+ Kg6 40. Qxe4 fxe4 41. Rb1 Rc6 42. g3 h5 43. Rb5 Rd6 44. Kg2 Kg5 45. f3 f5 46. f4+ Kf6 47. Kf2 Rd8 48. Rc5 Ke6 49. Rc6+ Kf7 50. Rh6 Rc8 51. Rxh5 Rc2+ 52. Ke1 Kg6 53. Rg5+ Kf6 54. Kd1 Rh2 55. h4 Rh3 56. Kc2 Rh2+ 57. Kc3 Re2 58. h5 Rxe3+ 59. Kb4 Rf3 60. Kc5 e3 61. Kxd5 e2 62. Rg6+ Kf7 63. Re6 Rf2 64. h6 Rh2 65. h7 1-0

[Event "Hessen-ch U16"]
[Site "Bad Homburg"]
[Date "2012.??.??"]
[Round "7"]
[White "Huber, Timm Janik"]
[Black "Hennemann, Lukas"]
[Result "1-0"]
[WhiteElo "1518"]
[BlackElo "1442"]
[PlyCount "47"]
[EventDate "2012.04.??"]
[EventType "swiss"]
[EventRounds "9"]
[EventCountry "GER"]
[SourceTitle "EXT 2015"]
[Source "ChessBase"]
[SourceDate "2014.11.20"]
[SourceVersion "1"]
[SourceVersionDate "2014.11.20"]
[SourceQuality "1"]

1. d4 d5 2. c4 c6 3. Nc3 dxc4 4. Bf4 b5 5. e3 Nf6 6. a4 b4 7. Na2 e6 8. Bxc4 Bb7 9. Nf3 Nbd7 10. 0-0 a5 11. Nc1 c5 12. Nb3 Be7 13. Rc1 0-0 14. dxc5 Bxc5 15. Bxe6 Bxe3 16. Bxf7+ Rxf7 17. Bxe3 Ng4 18. Nbd4 Nxe3 19. fxe3 Nf6 20. Qe2 Ne4 21. Rfd1 Qe8 22. Nb5 Ba6 23. Rd4 Rd7 24. Qc4+ 1-0

[Event "Hessen-ch U16"]
[Site "Bad Homburg"]
[Date "2012.??.??"]
[Round "8"]
[White "Soeder, Maximilian"]
[Black "Huber, Timm Janik"]
[Result "0-1"]
[WhiteElo "1670"]
[BlackElo "1518"]
[PlyCount "56"]
[EventDate "2012.04.??"]
[EventType "swiss"]
[EventRounds "9"]
[EventCountry "GER"]
[SourceTitle "EXT 2015"]
[Source "ChessBase"]
[SourceDate "2014.11.20"]
[SourceVersion "1"]
[SourceVersionDate "2014.11.20"]
[SourceQuality "1"]

1. Nf3 d5 2. g3 Bf5 3. Bg2 Nf6 4. d3 e6 5. 0-0 Be7 6. Nbd2 0-0 7. c4 c6 8. cxd5 cxd5 9. Nb3 Nc6 10. Bd2 Rc8 11. Rc1 Qb6 12. Bc3 Rc7 13. Qd2 Rfc8 14. Nfd4 Bg6 15. Nxc6 Rxc6 16. Bd4 Qa6 17. Rxc6 Rxc6 18. a3 Qa4 19. Bxf6 Bxf6 20. Na1 h6 21. e3 Qb5 22. d4 a5 23. Rc1 a4 24. Rxc6 bxc6 25. Bf1 Qb6 26. Qb4 Qa7 27. Qd2 c5 28. dxc5 Qxc5 0-1